1485 1828 1332 1356 1253 1113 1904 1798 1570 1774 1969 1623 1964 1503 1051 1231 1631 1272 1222 1203 1870 1845 1357 1819 1398 1521 1606 1579 1642 1971 1051 1230 1259 1646 1130 1957 1165 1773 1444 1448 1184 1209 1113 1358 1870 1450 1530 1604 1182 1270 1098 1312 1029 1786 1677 1315 1203 1650 1311 1072 1337 1101 1202 1656 1955 1697 1153 1317 1093 1655 1338 1631 1494 1859 1288 1986 1454 1492 1793 1040 1073 1802 1747 1409 1222 1610 1034 1101 1521 1334 1892 1435 1407 1001 1074 1948 1779 1374 1868 BCNSPRNW ULIB Ver.6.0+V

เปลี่ยนเป็นภาษาไทย

Change to English
 แสดงรายละเอียดบรรณานุกรม
  กลับหน้าหลัก

Brief Record : Get Marc (ISO 2709) : E-mail record : QR code < ปิดหน้าต่าง
LEADER : 00000nam 2200000uu 4500
001    13399128950
003     ULIB
008    241101s2546||||th 000 0 tha d
020    ^a9786160845743
050  0 ^aBF128^bต777จ
100 N  ^aเติมศักดิ์ คทวณิช
245 N  ^aจิตวิทยาทั่วไป
245 N  ^aบรรณาธิการเติมศักดิ์ คทวณิช
246 N  ^aGeneral psychology
260 N  ^aกรุงเทพฯ:^bซีเอ็ดยูเคชั่น,^c2546
300 N  ^a331 หน้า : ^bภาพประกอบ;^c26ซม.
520 N  ^aสาระสังเขป หนังสือเล่มนี้ ผู้เขียนมีความตั้งใจที่จะเรียบเรียงให้มีเนื้อหาทางจิตวิทยาที่ละเอียดครบถ้วน และสามารถอ่านเข้าใจได้ง่าย มีตัวอย่างและภาพประกอบที่ชัดเจนสวยงาม เพื่อให้ผู้ศึกษาได้เกิดความรู้และความเข้าใจอย่างแท้จริง โดยรวบรวมข้อมูลจากเอกสารและตำราทางจิตวิทยาทั้งของไทยและของต่างประเทศ รวมทั้งประสบการณ์ในการสอนของผู้เขียนเองด้วย เนื้อหาภายในเล่มประกอบด้วยสาระสำคัญ ได้แก่ ความรู้เบื้องต้นเกี่ยวกับจิตวิทยา อิทธิพลของพันธุกรรมและสิ่งแวดล้อม พัฒนาการของมนุษย์ พื้นฐานทางสรีรวิทยาที่เกี่ยวข้องกับพฤติกรรม การรับสัมผัสและการรับรู้ การจูงใจ การเรียนรู้ เชาวน์ปัญญา บุคลิกภาพ สุขภาพจิตและการปรับตัว และพฤติกรรมทางสังคม
650 N  ^aจิตวิทยา
945    ^p250^l0^i30346
945    ^p250^l0^i30347
945    ^p250^l0^i30348
999    ^aกัณชพร จุลอักษร
รายการนี้ยังไม่มีแท็ก
คุณยังไม่ได้ล็อกอิน คุณสามารถมีกิจกรรมร่วมกับเว็บไซต์ได้ แต่ต้องล็อกอินก่อน ::
  ล็อกอิน

รายการสื่อสารสนเทศ

ลำดับที่ ประเภท เลขเรียก/บาร์โค้ด สถานที่ สถานะ
1. หนังสือสำรอง
หนังสือสำรอง
BF128 ต777จ ฉ.1 
  Barcode: 30346
ห้องสมุดวิทยาเขตนครสวรรค์
►หนังสือทั่วไป:l:General Books
บนชั้น
2. วิทยาศาสตร์การแพทย์ และสุขภาพ
วิทยาศาสตร์การแพทย์ และสุขภาพ
BF128 ต777จ ฉ.2 
  Barcode: 30347
ห้องสมุดวิทยาเขตนครสวรรค์
►หนังสือทั่วไป:l:General Books
บนชั้น
3. วิทยาศาสตร์การแพทย์ และสุขภาพ
วิทยาศาสตร์การแพทย์ และสุขภาพ
BF128 ต777จ ฉ.3 
  Barcode: 30348
ห้องสมุดวิทยาเขตนครสวรรค์
►หนังสือทั่วไป:l:General Books
บนชั้น

รายการใกล้เคียง
    ชื่อเรื่อง [จิตวิทยาทั่วไป]

    ผู้แต่ง [เติมศักดิ์ คทวณิช]

    หัวเรื่อง [จิตวิทยา]

BibComment


ยังไม่เคยถูกคอมเมนท์

คอมเมนท์ทรัพยากรรายการนี้
  คอมเมนท์: จิตวิทยาทั่วไปN ..


 Copyright 2026. Bcnsprnw @Library